Estrategias de historia de vida relacionadas con la reproducción de la familia Poeciliidae (Actinopterygii cyprinodontiformes) en Cuba

Se analiza la hipótesis de que en las especies cubanas de la familia Poeciliidae, las estrategias de historia de vida relacionadas con el tamaño de las crías al nacer y la fecundidad están asociadas a diferencias ...

Saved in:
書目詳細資料
主要作者: Ponce de León García, José Luis
企業作者: e-libro, Corp
其他作者: Acosta Cruz, Martín (Director), Uribe Aránzabal, María del Carmen (Director)
格式: 電子書
語言:西班牙语
出版: La Habana : Editorial Universitaria, 2012.
主題:
在線閱讀:https://elibro.unach.elogim.com/es/lc/unach/titulos/90536
標簽: 添加標簽
沒有標簽, 成為第一個標記此記錄!

MARC

LEADER 00000nam a2200000 a 4500
001 ELB90536
003 FlNmELB
006 m o d |
007 cr cn|||||||||
008 201201r2012 cu |||||s|||||||||||spa d
024 8 |z Tesis 
035 |a (MiAaPQ)EBC3201448 
035 |a (Au-PeEL)EBL3201448 
035 |a (CaPaEBR)ebr10592408 
035 |a (OCoLC)929370171 
040 |a FlNmELB  |b spa  |c FlNmELB 
050 4 |a TA164  |b P792 2012 
080 |a 660 
082 0 4 |a 660.6  |2 22 
100 1 |a Ponce de León García, José Luis. 
245 1 0 |a Estrategias de historia de vida relacionadas con la reproducción de la familia Poeciliidae (Actinopterygii cyprinodontiformes) en Cuba  |h [recurso electronico]  |c José Luis Ponce de León García. 
260 |a La Habana :  |b Editorial Universitaria,  |c 2012. 
300 |a 148 p. 
500 |a Tesis (doctorado) - Universidad de La Habana. 
520 |a Se analiza la hipótesis de que en las especies cubanas de la familia Poeciliidae, las estrategias de historia de vida relacionadas con el tamaño de las crías al nacer y la fecundidad están asociadas a diferencias ... 
533 |a Recurso electrónico. Santa Fe, Arg.: e-libro, 2015. Disponible vía World Wide Web. El acceso puede estar limitado para las bibliotecas afiliadas a e-libro. 
650 4 |a Ciencias.  |x Ciencias naturales.  |x Biología.  |x Biología Molecular. 
650 4 |a Science.  |x Life sciences.  |x Biology.  |x Molecular biology. 
655 4 |a Libros electrónicos. 
700 1 |a Acosta Cruz, Martín.  |4 drt 
700 1 |a Uribe Aránzabal, María del Carmen.  |4 drt 
710 2 |a e-libro, Corp. 
856 4 0 |u https://elibro.unach.elogim.com/es/lc/unach/titulos/90536